Statistiques concernant 10 plus grandes économies en Europe

Cliquez ici pour prendre le quiz!

Statistiques générales

  • Ce quiz a été pris 9 755 fois
    (7 724 depuis la dernière actualisation)
  • Le résultat moyen est 10 sur 10

Statistiques - réponses

MillardsPays% Correct
2 823France
100%
4 150Allemagne
99%
2 880Royaume-Uni
99%
2 307Italie
99%
1 769Espagne
99%
3 080Russie
95%
523Suède
92%
529Belgique
91%
1 114Pologne
89%
907Pays-Bas
88%

Distribution des résultats

Percentile par nombre de réponses

% des personnes avec chaque résultat

Votre développement - résultats

Vous n’avez pas pris ce quiz depuis la dernière actualisation